000 00509nam a22001817a 4500
999 _c259745
_d259744
003 OSt
005 20230308103203.0
008 230308b xxu||||| |||| 00| 0 eng d
020 _a0273009311
040 _cn/a
050 _aHF5547
_b.G67 1975
100 _aGosling, Kathleen
245 _aThe Clerical Training Office:
_bA basic Course in Office Skills & Procedures
_cKathleen Gosling
250 _a2nd Edn.
260 _aUK,
_bPitman Publishing
_c19675
300 _aviii; 104p
_bill.
942 _2lcc
_cBK